Nancy Drew (Record no. 609251)

000 -LEADER
fixed length control field 00317nam a22001337a 4500
020 ## - INTERNATIONAL STANDARD BOOK NUMBER
International Standard Book Number 9780689865701
040 ## - CATALOGING SOURCE
Transcribing agency nust
082 ## - DEWEY DECIMAL CLASSIFICATION NUMBER
Classification number 823-CH
Author Mark KEE
100 ## - MAIN ENTRY--PERSONAL NAME
Personal name Keene, Carolyn
9 (RLIN) 110166
245 ## - TITLE STATEMENT
Title Nancy Drew
260 ## - PUBLICATION, DISTRIBUTION, ETC.
Place of publication, distribution, etc. New York:
Name of publisher, distributor, etc. Alladin Paper backs,
Date of publication, distribution, etc. 2004.
650 ## - SUBJECT ADDED ENTRY--TOPICAL TERM
Topical term or geographic name entry element Nancy Drew
9 (RLIN) 122835
942 ## - ADDED ENTRY ELEMENTS (KOHA)
Source of classification or shelving scheme
Koha item type Book

No items available.

© 2023 Central Library, National University of Sciences and Technology. All Rights Reserved.